| 000 | 00563nam a2200205Ia 4500 | ||
|---|---|---|---|
| 003 | OSt | ||
| 005 | 20230327150227.0 | ||
| 008 | 210423s2008 xx 000 0 und d | ||
| 020 | _a9788173194726 | ||
| 040 | _cAL | ||
| 041 | _aeng | ||
| 082 |
_a543 _223 _bMOHJ |
||
| 100 |
_aMOHAN (Jag). _978471 |
||
| 245 | _aOrganic analytical chemistry: theory and practice. | ||
| 260 |
_aNew Delhi _bNarosa Publishing House _c2008 |
||
| 300 |
_axii,660 _bPB |
||
| 365 |
_b395 _cINR |
||
| 906 | _aanalytical ; chemistry: ; Organic ; practice. ; theory | ||
| 942 |
_2ddc _cBK |
||
| 999 |
_c154187 _d154187 |
||